000 00899na a2200265 4500
001 12964
003 MIRAKIL
005 20181213154952.0
008 160831b tu 000 0
020 _a9751937906
035 _a12964
040 _aMilas
_btur
_cTR-AnCHP
082 _a297.05
_bT96 2004
090 _a297.05 T96 2004
111 _aDini yayınlar kongresi
_cAnkara
_d05-07 Kasım 2004
_nII.
245 _aUluslararası II. dini yayınlar kongresi
_btebliğler-müzakereler,05-07 Kasım 2004 , Ankara
_cyayına hazırlayan Ayfer Balaban
260 _aAnkara
_bDiyanet İşleri Başkanlığı
_c2005
300 _a432 s.
_c24 sm.
490 _aİlmi eserler
_v106
490 _aDiyanet İşleri Başkanlığı yayınları
_v644
650 _aDini yayıncılık
_xSorunlar
_yToplantılar
650 _aDini yayıncılık
_xToplantılar
700 _aBalaban, Ayfer
942 _2ddc
_cBKS
999 _c4086
_d4086